[Event "Fremont Weibel Quads 2"]
[Site "Fremont"]
[Date "2003.07.26"]
[Round "1"]
[White "Dittmer, Michael"]
[Black "Wan, Steven"]
[Result "1-0"]
[WhiteElo "1099"]
[BlackElo "1069"]
[PlyCount "45"]
[EventDate "2003.07.26"]
[EventType "swiss"]
[EventRounds "3"]
[EventCountry "USA"]
[SourceTitle "EXT 2009"]
[Source "ChessBase"]
[SourceDate "2008.11.26"]
[SourceVersion "1"]
[SourceVersionDate "2008.11.26"]
[SourceQuality "1"]

1. e4 e5 2. Nf3 Nc6 3. d4 exd4 4. Bc4 Nf6 5. Bg5 h6 6. Bh4 d6 7. 0-0 Bg4 8. Qd3 Qd7 9. Bxf6 gxf6 10. Nxd4 0-0-0 11. Bb5 d5 12. Bxc6 bxc6 13. Qa6+ Kb8 14. Nxc6+ Qxc6 15. Qxc6 Rd6 16. Qb5+ Kc8 17. Nc3 Bd7 18. Qe2 Re6 19. Nxd5 Bc6 20. Qc4 h5 21. b4 Bh6 22. b5 Bb7 23. Qxc7# 1-0